000 00599nam a2200181 a 4500
001 000010620
005 20241130074012.0
008 091008s1993 dr 001 0 spa d
040 _aDO-SdBNP
082 _axxxx
_bN714o
100 1 _aNina, Juan B.,
_d1959-
_q(Juan Bautista)
_99246
245 1 0 _aOtra mirada al horizonte /
_cJuan B. Nina Martínez : prólogo Odalis G. Pérez.
260 _aSanto Domingo :
_bCarlos,
_c1993.
300 _a44 p. ;
_c21 cm.
500 _aIncluye datos biográficos del autor en la contracubierta
700 1 _aPérez, Odalís
_d1952-
_epról.
_923828
049 _aBNPD
999 _c10378
_d10378